000 00604nam a2200181Ia 4500
008 090123s9999 xx 000 0 und d
082 _b10033
_a891.463/भागव
100 _aभागवत यशवंत
245 _aप्रेमाची लय भारी
250 _a1
260 _bश्रीराम प्रकाशन
_c1981
300 _a178
600 _aभागवत यशवंत
630 _aप्रेमाची लय भारी
700 _aभागवत यशवंत
730 _aप्रेमाची लय भारी
942 _cBOOK
999 _c48099
_d48099